Statistics for Say Something - Justin Timberlake ft. Chris Stapleton (All Lyrics)

Click here to take the quiz!

General Stats

  • This quiz has been taken 137 times
  • The average score is 268 of 379

Answer Stats

Lyrics% Correct
say
98%
"say
98%
"Say
98%
something
98%
something,
98%
something."
98%
I
95%
the
85%
up
81%
you
79%
in
78%
and
77%
And
77%
my
75%
No,
75%
no
75%
No
75%
no.
75%
no,
75%
can't
74%
cant'
74%
I'm
74%
it.
73%
to
73%
all.
69%
all
69%
me,
68%
of
68%
go
66%
don't
64%
For
64%
for
64%
hear
64%
myself,
62%
help
61%
caught
60%
Caught
60%
have.
60%
have.)
60%
heart
60%
about
59%
at
59%
But
59%
is
59%
knows
59%
middle
59%
Everyone
58%
there.
58%
there's
58%
get
57%
wanna
57%
looking
55%
nothing
53%
nothing.
53%
Everybody
52%
somewhere,
51%
somewhere
51%
want
49%
rhythm
48%
Still
48%
way
48%
harmony.
47%
them
47%
melody
45%
tonight.
45%
name.
44%
says
44%
Sometimes
44%
call
43%
Maybe
43%
(Maybe
43%
direction.
42%
greatest
40%
then
37%
transgressions.
35%

Score Distribution

Percentile by Number Answered

Percent of People with Each Score

Your Score History

You have not taken this quiz